000 00632nam a2200241Ia 4500
001 33098
003 99394
005 20250323150350.0
008 ||||||n9999 ||| || ||
041 _aspa
082 _219
_a385
100 _aOrtega Diaz, Alfredo
_914632
245 0 _aFerrocarriles colombianos
_bresumen historico
260 _aBogotá :
_bImprensa Nacional,
_c2023.
300 _a666p
562 _e1
650 _aANTECEDENTES HISTORICOS
_947711
650 _aCOLOMBIA
_947712
650 0 _aFerrocarriles
_914580
650 _aFERROCARRILES NACIONALES DE COLOMBIA
_914634
942 _cBKM
999 _c33098
_d33098
526 _a10406